000 00307nam a2200121Ia 4500
008 241028s9999 xx 000 0 und d
041 _aeng
082 _a813 ASH
100 _aAshwin R.
245 _aI Have the Streets : A Kutti Cricket Story
260 _bPenguin
_aHaryana
_c2024
300 _a173;. P. 23 Cm
999 _c43118
_d43118